00235nam a2200109Ia 4500008004100000100001300041245002300054260001000077260000900087546001200096999001700108170619s9999 xx 000 0 und d aberi g c 0abusiness statistic bt m h c2009 aENGLISH c22368d22368